[Event "España tch División de Honor 2013"]
[Site "Linares ESP"]
[Date "2013.09.13"]
[Round "6.33"]
[White "Magem Badals, Jordi"]
[Black "Van Wely, Loek"]
[Result "1-0"]
[WhiteElo "2551"]
[BlackElo "2701"]
[PlyCount "87"]
[EventDate "2013.09.08"]
[EventType "team-tourn"]
[EventRounds "7"]
[EventCountry "ESP"]
[Source "lmi"]
[SourceDate "2013.09.08"]

1. e4 c5 2. Nf3 e6 3. g3 Nc6 4. Bg2 Nf6 5. Qe2 d5 6. d3 Be7 7. O-O O-O 8. e5
Ne8 9. c4 Nc7 10. h4 b5 11. b3 a5 12. a4 bxc4 13. bxc4 Na6 14. Na3 Nab4 15. Bf4
Bb7 16. Rad1 Qd7 17. Nb5 Nd4 18. Nfxd4 cxd4 19. Qg4 Kh8 20. Bg5 dxc4 21. dxc4
d3 22. Bxb7 Qxb7 23. Bd2 Rad8 24. Bc3 f5 25. Qf4 Qc6 26. Rd2 h6 27. Nd6 g5 28.
Qd4 gxh4 29. Bxb4 axb4 30. Rxd3 Ra8 31. c5 Rg8 32. Qc4 h3 33. f3 Rxg3+ 34. Kh1
Rg6 35. Qb5 Qc7 36. c6 Rb8 37. Nb7 Bf6 38. f4 Rbg8 39. Rd7 Qb8 40. Nd6 Rg1+ 41.
Rxg1 Rxg1+ 42. Kh2 Qg8 43. Nf7+ Kh7 44. Ng5+ 1-0

[Event "España tch División de Honor 2013"]
[Site "Linares ESP"]
[Date "2013.09.13"]
[Round "6.34"]
[White "Bauer, Christian"]
[Black "Lopez Martinez, Josep Manuel"]
[Result "1/2-1/2"]
[WhiteElo "2622"]
[BlackElo "2543"]
[PlyCount "83"]
[EventDate "2013.09.08"]
[EventType "team-tourn"]
[EventRounds "7"]
[EventCountry "ESP"]
[Source "lmi"]
[SourceDate "2013.09.08"]

1. e4 c5 2. Nf3 e6 3. d4 cxd4 4. Nxd4 Nc6 5. Nc3 Qc7 6. Be3 a6 7. Qd2 Nf6 8.
O-O-O Be7 9. f3 b5 10. g4 Nxd4 11. Qxd4 Bb7 12. g5 Nh5 13. Ne2 Rc8 14. Qd2 d5
15. e5 d4 16. Nxd4 O-O 17. Bd3 Rfd8 18. Kb1 g6 19. Rhf1 Qxe5 20. f4 Qc7 21. Qf2
Bf8 22. Nb3 Rd5 23. Bb6 Qd6 24. Rd2 Bg7 25. Qe3 Bh8 26. Ba5 Qf8 27. c3 Qd6 28.
Bc2 Rc4 29. Rdf2 Qb8 30. a3 Ng7 31. Bb6 Nf5 32. Bxf5 Rxf5 33. Bd4 Qa8 34. Bxh8
Kxh8 35. Nd4 Be4+ 36. Ka1 Rfc5 37. Re1 Bf5 38. Rd2 Rd5 39. b3 Rc8 40. Kb2 Rcd8
41. Ree2 Kg8 42. Qg1 1/2-1/2

[Event "España tch División de Honor 2013"]
[Site "Linares ESP"]
[Date "2013.09.13"]
[Round "6.35"]
[White "Alonso Rosell, Alvar"]
[Black "Franco Alonso, Alejandro"]
[Result "1/2-1/2"]
[WhiteElo "2542"]
[BlackElo "2483"]
[PlyCount "125"]
[EventDate "2013.09.08"]
[EventType "team-tourn"]
[EventRounds "7"]
[EventCountry "ESP"]
[Source "lmi"]
[SourceDate "2013.09.08"]

1. Nf3 Nf6 2. c4 e6 3. g3 a6 4. Bg2 b5 5. b3 Bb7 6. O-O c5 7. Nc3 Qb6 8. e3 Be7
9. Qe2 Ne4 10. Nxe4 Bxe4 11. Bb2 O-O 12. d3 Bb7 13. d4 Be4 14. Rfd1 d6 15. dxc5
Qxc5 16. Rac1 Nc6 17. Ne5 Bxg2 18. Nd7 Qf5 19. Kxg2 Rfd8 20. e4 Qg6 21. cxb5
axb5 22. Nb6 Rxa2 23. Rxc6 Rxb2 24. Qe3 h5 25. Nc8 Bf8 26. Nxd6 h4 27. e5 h3+
28. Kg1 Rb1 29. Rxb1 Qxb1+ 30. Rc1 Qb2 31. g4 Ra8 32. Rf1 Ra1 33. Qxh3 Qxe5 34.
Qh8+ Kxh8 35. Nxf7+ Kh7 36. Nxe5 Ra3 37. Rb1 Bd6 38. Nf3 Bc5 39. Ng5+ Kg6 40.
Nxe6 Bb6 41. Nf4+ Kg5 42. Nd5 Bd4 43. Rd1 Ba7 44. Rd3 Kxg4 45. Rg3+ Kf5 46.
Rxg7 Bd4 47. Rg3 Ra2 48. Ne3+ Ke4 49. Kg2 Rb2 50. Ng4 b4 51. h4 Bc3 52. h5 Rxb3
53. Nf6+ Kf5 54. Nd5 Ra3 55. h6 Be5 56. Rg8 Ra7 57. f4 Bd4 58. Rg5+ Ke4 59.
Nxb4 Kxf4 60. Rh5 Kg4 61. Rd5 Be3 62. Rf5 Bf2 63. Rxf2 1/2-1/2

[Event "España tch División de Honor 2013"]
[Site "Linares ESP"]
[Date "2013.09.13"]
[Round "6.36"]
[White "Gonzalez De La Torre, Santiago"]
[Black "Oms Pallisse, Josep"]
[Result "1/2-1/2"]
[WhiteElo "2472"]
[BlackElo "2475"]
[PlyCount "94"]
[EventDate "2013.09.08"]
[EventType "team-tourn"]
[EventRounds "7"]
[EventCountry "ESP"]
[Source "lmi"]
[SourceDate "2013.09.08"]

1. e4 e5 2. f4 exf4 3. Bc4 Nf6 4. Nc3 c6 5. Bb3 d5 6. exd5 Nxd5 7. Nxd5 cxd5 8.
d4 Bd6 9. Qh5 O-O 10. Ne2 Nd7 11. O-O Nf6 12. Qh4 Re8 13. Nxf4 h6 14. Nh5 Ng4
15. Qxd8 Bxh2+ 16. Kh1 Rxd8 17. g3 g6 18. Nf4 Bxg3 19. Nxd5 Be6 20. Nf6+ Nxf6
21. Bxe6 Kg7 22. Bb3 Rxd4 23. Bxh6+ Kxh6 24. Rxf6 Kg5 25. Rxf7 Rd2 26. Rh7 Bf2
27. Rf1 Rf8 28. Rh2 Rf4 29. a4 a5 30. Ra1 b6 31. Rf1 Kf5 32. Bc4 g5 33. Bd3+
Ke5 34. b3 g4 35. Rh5+ Kf6 36. Kg2 Bh4+ 37. Kg1 Bf2+ 38. Kg2 Rf3 39. Kh1 Rh3+
40. Rxh3 gxh3 41. Kh2 Ke5 42. Kxh3 Kf4 43. Kg2 Ke3 44. Bf5 Re2 45. Bg6 Be1+ 46.
Kh3 Bf2 47. Rh1 Re1 1/2-1/2

[Event "España tch División de Honor 2013"]
[Site "Linares ESP"]
[Date "2013.09.13"]
[Round "6.41"]
[White "Bruzon Batista, Lazaro"]
[Black "Dominguez Perez, Leinier"]
[Result "1/2-1/2"]
[WhiteElo "2699"]
[BlackElo "2757"]
[PlyCount "64"]
[EventDate "2013.09.08"]
[EventType "team-tourn"]
[EventRounds "7"]
[EventCountry "ESP"]
[Source "lmi"]
[SourceDate "2013.09.08"]

1. d4 Nf6 2. c4 g6 3. Nf3 Bg7 4. Nc3 d5 5. cxd5 Nxd5 6. e4 Nxc3 7. bxc3 c5 8.
Bb5+ Nc6 9. O-O cxd4 10. cxd4 O-O 11. Be3 Bg4 12. Bxc6 bxc6 13. Rc1 Qa5 14. Qd2
Qxd2 15. Nxd2 Rfd8 16. Nb3 a5 17. Rxc6 a4 18. Nc5 Bxd4 19. Bxd4 Rxd4 20. f3 Rc8
21. Rxc8+ Bxc8 22. Rc1 a3 23. Nb3 Rd8 24. Rc7 Be6 25. Ra7 Rd1+ 26. Kf2 Bxb3 27.
axb3 Rd2+ 28. Kg3 a2 29. h4 h5 30. b4 Rb2 31. b5 Rxb5 32. Rxa2 e5 1/2-1/2

[Event "España tch División de Honor 2013"]
[Site "Linares ESP"]
[Date "2013.09.13"]
[Round "6.42"]
[White "Giri, Anish"]
[Black "Iturrizaga, Eduardo"]
[Result "1-0"]
[WhiteElo "2737"]
[BlackElo "2661"]
[PlyCount "81"]
[EventDate "2013.09.08"]
[EventType "team-tourn"]
[EventRounds "7"]
[EventCountry "ESP"]
[Source "lmi"]
[SourceDate "2013.09.08"]

1. e4 c5 2. Nf3 g6 3. d4 cxd4 4. Nxd4 Nc6 5. c4 Nf6 6. Nc3 Nxd4 7. Qxd4 d6 8.
Be2 Bg7 9. Be3 O-O 10. Qd2 a5 11. f3 a4 12. Rc1 Qa5 13. Rc2 Nd7 14. Nd5 Re8 15.
O-O Nc5 16. Rd1 f5 17. Bg5 Kf7 18. Qe3 Be6 19. exf5 Bxf5 20. Rcd2 Be6 21. Qf4+
Bf5 22. Qh4 Qd8 23. Bf1 h6 24. Be3 Rc8 25. Re1 g5 26. Qf2 e6 27. Nc3 Bxc3 28.
bxc3 Qe7 29. Red1 Red8 30. h4 gxh4 31. Rd4 h3 32. g4 e5 33. R4d2 Be6 34. Bxh3
h5 35. Bg2 hxg4 36. fxg4+ Kg7 37. g5 Qf7 38. Qg3 Nd7 39. Rxd6 Rxc4 40. g6 Qf5
41. Rf1 1-0

[Event "España tch División de Honor 2013"]
[Site "Linares ESP"]
[Date "2013.09.13"]
[Round "6.43"]
[White "Hansen, Eric"]
[Black "Vachier-Lagrave, Maxime"]
[Result "1/2-1/2"]
[WhiteElo "2584"]
[BlackElo "2722"]
[PlyCount "42"]
[EventDate "2013.09.08"]
[EventType "team-tourn"]
[EventRounds "7"]
[EventCountry "ESP"]
[Source "lmi"]
[SourceDate "2013.09.08"]

1. e4 c5 2. Nf3 d6 3. Bb5+ Bd7 4. Bxd7+ Qxd7 5. c4 Nf6 6. Nc3 g6 7. d4 cxd4 8.
Nxd4 Bg7 9. f3 Nc6 10. Nde2 O-O 11. O-O e6 12. Bg5 h6 13. Bh4 Rfd8 14. f4 a6
15. a4 Qc7 16. Kh1 Qa5 17. h3 Rac8 18. b3 Qh5 19. Bf2 Qa5 20. Bh4 Qh5 21. Bf2
Qa5 1/2-1/2

[Event "España tch División de Honor 2013"]
[Site "Linares ESP"]
[Date "2013.09.13"]
[Round "6.44"]
[White "Edouard, Romain"]
[Black "Arizmendi Martinez, Julen Luis"]
[Result "1-0"]
[WhiteElo "2665"]
[BlackElo "2564"]
[PlyCount "95"]
[EventDate "2013.09.08"]
[EventType "team-tourn"]
[EventRounds "7"]
[EventCountry "ESP"]
[Source "lmi"]
[SourceDate "2013.09.08"]

1. e4 e6 2. d4 d5 3. Nc3 Bb4 4. e5 c5 5. a3 Bxc3+ 6. bxc3 Qa5 7. Bd2 Qa4 8. h4
Ne7 9. h5 h6 10. Qg4 Kf8 11. Rh3 Nbc6 12. Qf4 c4 13. Rf3 Nd8 14. Be2 a5 15. Bd1
Ke8 16. Ne2 Kd7 17. Ng3 Ra6 18. Bc1 Rb6 19. Nf1 Kc7 20. Ne3 Kb8 21. Qh4 Nf5 22.
Rxf5 exf5 23. Nxd5 Rb5 24. Ne3 Re8 25. Qg3 Ka8 26. d5 f6 27. e6 Bxe6 28. dxe6
Nxe6 29. f4 Rb6 30. Kf1 Qd7 31. Be2 Nc5 32. Nxc4 Rc6 33. Qf3 Ne4 34. Bd3 Qe6
35. Ne3 Rxc3 36. Kg1 Rec8 37. Kh2 R3c5 38. Rb1 Qc6 39. Nxf5 Nc3 40. Qxc6 R8xc6
41. Rb3 Nd1 42. Kg3 Rc7 43. Bd2 Rd7 44. Ne3 Nxe3 45. Bxe3 Rxh5 46. f5 Re7 47.
Bf4 Ka7 48. Rb1 1-0

[Event "España tch División de Honor 2013"]
[Site "Linares ESP"]
[Date "2013.09.13"]
[Round "6.45"]
[White "Castellanos Rodriguez, Renier"]
[Black "Salgado Lopez, Ivan"]
[Result "0-1"]
[WhiteElo "2509"]
[BlackElo "2614"]
[PlyCount "104"]
[EventDate "2013.09.08"]
[EventType "team-tourn"]
[EventRounds "7"]
[EventCountry "ESP"]
[Source "lmi"]
[SourceDate "2013.09.08"]

1. e4 c5 2. Nf3 Nc6 3. d4 cxd4 4. Nxd4 Qb6 5. Nb3 Nf6 6. Nc3 e6 7. Bd3 a6 8.
O-O d6 9. Kh1 Qc7 10. f4 b5 11. Bd2 Bb7 12. Qf3 Be7 13. Rae1 b4 14. Ne2 g6 15.
Qh3 h5 16. c3 a5 17. Nbd4 Nd8 18. Ng1 Ng4 19. Ngf3 e5 20. Nb5 Qb8 21. f5 Bc6
22. c4 gxf5 23. exf5 Qb6 24. c5 Qxc5 25. Nc7+ Kf8 26. Nxa8 Bxa8 27. Rc1 Nf2+
28. Rxf2 Qxf2 29. Rf1 Qc5 30. f6 Bxf6 31. Qf5 Be7 32. Ng5 Ke8 33. h4 Bc6 34.
Ne4 Qd5 35. Bg5 Bxg5 36. hxg5 Qe6 37. Qf2 h4 38. Kh2 Bxe4 39. Bxe4 d5 40. Bf5
Qd6 41. Qa7 e4+ 42. Kh1 h3 43. Bxh3 d4 44. Rf6 Qd5 45. Rh6 Rxh6 46. gxh6 Kf8
47. Kg1 d3 48. Qd7 Qxd7 49. Bxd7 Nb7 50. Kf2 Nd6 51. b3 Kg8 52. g4 f6 0-1

[Event "España tch División de Honor 2013"]
[Site "Linares ESP"]
[Date "2013.09.13"]
[Round "6.46"]
[White "Romero Holmes, Alfonso"]
[Black "Corral Blanco, Juan Antonio"]
[Result "1-0"]
[WhiteElo "2518"]
[BlackElo "2436"]
[PlyCount "43"]
[EventDate "2013.09.08"]
[EventType "team-tourn"]
[EventRounds "7"]
[EventCountry "ESP"]
[Source "lmi"]
[SourceDate "2013.09.08"]

1. e4 c5 2. Nf3 e6 3. d4 cxd4 4. Nxd4 a6 5. Nc3 Nc6 6. Be3 Nge7 7. Nb3 b6 8.
Qd2 Ng6 9. O-O-O Be7 10. f4 O-O 11. g3 Qc7 12. h4 Rd8 13. h5 Nf8 14. g4 Na5 15.
h6 Nxb3+ 16. axb3 Bc5 17. hxg7 Kxg7 18. f5 Bxe3 19. Qxe3 f6 20. Qh6+ Kf7 21.
fxe6+ dxe6 22. Qxh7+ 1-0

[Event "España tch División de Honor 2013"]
[Site "Linares ESP"]
[Date "2013.09.14"]
[Round "7.11"]
[White "Dominguez Perez, Leinier"]
[Black "Spraggett, Kevin"]
[Result "1-0"]
[WhiteElo "2757"]
[BlackElo "2568"]
[PlyCount "51"]
[EventDate "2013.09.08"]
[EventType "team-tourn"]
[EventRounds "7"]
[EventCountry "ESP"]
[Source "lmi"]
[SourceDate "2013.09.08"]

1. e4 c5 2. Nf3 e6 3. d4 cxd4 4. Nxd4 a6 5. c4 Nf6 6. Nc3 d6 7. Be2 Be7 8. O-O
O-O 9. Be3 Nc6 10. Rc1 Bd7 11. a3 Rc8 12. f3 b6 13. b4 Rb8 14. Nb3 Bc8 15. Qd2
Bb7 16. Rfd1 Ba8 17. f4 Na7 18. e5 dxe5 19. fxe5 Qxd2 20. Rxd2 Ne4 21. Rd7 Nc8
22. Nxe4 Bxe4 23. c5 Bd5 24. cxb6 Nxb6 25. Rxe7 Bxb3 26. Bf1 1-0

[Event "España tch División de Honor 2013"]
[Site "Linares ESP"]
[Date "2013.09.14"]
[Round "7.12"]
[White "Moskalenko, Viktor"]
[Black "Giri, Anish"]
[Result "0-1"]
[WhiteElo "2524"]
[BlackElo "2737"]
[PlyCount "116"]
[EventDate "2013.09.08"]
[EventType "team-tourn"]
[EventRounds "7"]
[EventCountry "ESP"]
[Source "lmi"]
[SourceDate "2013.09.08"]

1. Nf3 Nf6 2. g3 g6 3. b3 c5 4. c4 Bg7 5. Bb2 d6 6. Bg2 e5 7. O-O O-O 8. d3 Nc6
9. Nc3 h6 10. Ne1 Be6 11. Nd5 Qd7 12. Nc2 Bh3 13. Nxf6+ Bxf6 14. Ne3 Bg7 15.
Nd5 Bxg2 16. Kxg2 f5 17. e4 f4 18. f3 h5 19. Rg1 Kh7 20. Kh1 fxg3 21. Rxg3 Ne7
22. Nxe7 Qxe7 23. Bc1 Bf6 24. Qd2 Qg7 25. Qg2 Bh4 26. Rh3 g5 27. Be3 Qf6 28.
Rg1 Rg8 29. Bf2 Raf8 30. Qf1 Rg6 31. Bxh4 gxh4 32. Rxg6 Kxg6 33. Qf2 Kh6 34. f4
exf4 35. Rf3 Qa1+ 36. Kg2 Qg7+ 37. Kh1 Qg5 38. h3 Rf6 39. Qd2 Kg7 40. Kh2 Rg6
41. Qf2 Qg3+ 42. Kh1 Qxf2 43. Rxf2 Rg3 44. Rxf4 Rxh3+ 45. Kg2 Rxd3 46. e5 h3+
47. Kh2 dxe5 48. Rf5 Re3 49. Rxh5 Kg6 50. Rh8 Kf5 51. Rh7 Re2+ 52. Kxh3 Rxa2
53. Rxb7 Ke4 54. b4 Rb2 55. b5 Kd4 56. Rxa7 Kxc4 57. Re7 Rxb5 58. Rxe5 Kd4 0-1

[Event "España tch División de Honor 2013"]
[Site "Linares ESP"]
[Date "2013.09.14"]
[Round "7.13"]
[White "Vachier-Lagrave, Maxime"]
[Black "Cruz, Cristhian"]
[Result "1-0"]
[WhiteElo "2722"]
[BlackElo "2529"]
[PlyCount "93"]
[EventDate "2013.09.08"]
[EventType "team-tourn"]
[EventRounds "7"]
[EventCountry "ESP"]
[Source "lmi"]
[SourceDate "2013.09.08"]

1. d4 e6 2. c4 f5 3. g3 Nf6 4. Bg2 d5 5. Nf3 c6 6. Bf4 Bd6 7. Bxd6 Qxd6 8. Qb3
Nbd7 9. O-O O-O 10. Qa3 Qb8 11. Nbd2 b6 12. Rac1 Bb7 13. Rc2 a5 14. Rfc1 Re8
15. cxd5 exd5 16. e3 Ne4 17. Bh3 g6 18. Nxe4 Rxe4 19. Ng5 Re8 20. Rxc6 Bxc6 21.
Rxc6 Qd8 22. Ne6 Qf6 23. Qd6 Nf8 24. Nf4 Qxd6 25. Rxd6 Rab8 26. Rxd5 Rec8 27.
g4 Rc1+ 28. Kg2 g5 29. Nd3 Rd1 30. Kf3 Rd2 31. gxf5 h5 32. Bf1 Rc8 33. Ne5 Rcc2
34. Ke4 Rxf2 35. Bc4 Kg7 36. Rd6 g4 37. Rxb6 Rxb2 38. Rc6 Rxh2 39. f6+ Kh6 40.
Rc8 Nh7 41. Rh8 Rhf2 42. Bg8 Rxf6 43. Rxh7+ Kg5 44. Bf7 Rh6 45. Rg7+ Kf6 46.
Rg8 Rb7 47. Bxh5 1-0

[Event "España tch División de Honor 2013"]
[Site "Linares ESP"]
[Date "2013.09.14"]
[Round "7.14"]
[White "Libiszewski, Fabien"]
[Black "Edouard, Romain"]
[Result "1/2-1/2"]
[WhiteElo "2520"]
[BlackElo "2665"]
[PlyCount "74"]
[EventDate "2013.09.08"]
[EventType "team-tourn"]
[EventRounds "7"]
[EventCountry "ESP"]
[Source "lmi"]
[SourceDate "2013.09.08"]

1. e4 c5 2. Nf3 d6 3. d4 cxd4 4. Nxd4 Nf6 5. Nc3 a6 6. Be3 e5 7. Nb3 Be6 8. h3
Nbd7 9. g4 Rc8 10. Qd2 h6 11. O-O-O b5 12. f4 Be7 13. Kb1 exf4 14. Bxf4 Ne5 15.
Qg2 Nfd7 16. Nd5 Bxd5 17. exd5 Bg5 18. Bg3 Bh4 19. Nd4 Bxg3 20. Qxg3 g6 21. h4
Rc5 22. Bg2 Qf6 23. g5 hxg5 24. hxg5 Rxh1 25. Rxh1 Qg7 26. Rh4 Kd8 27. Qh3 Nc4
28. Qc3 Nde5 29. Nc6+ Kc7 30. b4 Nd3 31. Nd4 Qe5 32. bxc5 b4 33. Ne6+ fxe6 34.
Qxe5 Na3+ 35. Ka1 Nxc2+ 36. Kb1 Na3+ 37. Ka1 Nc2+ 1/2-1/2

[Event "España tch División de Honor 2013"]
[Site "Linares ESP"]
[Date "2013.09.14"]
[Round "7.15"]
[White "Salgado Lopez, Ivan"]
[Black "Gual Pascual, Antonio"]
[Result "1/2-1/2"]
[WhiteElo "2614"]
[BlackElo "2468"]
[PlyCount "70"]
[EventDate "2013.09.08"]
[EventType "team-tourn"]
[EventRounds "7"]
[EventCountry "ESP"]
[Source "lmi"]
[SourceDate "2013.09.08"]

1. e4 g6 2. d4 Bg7 3. c4 d6 4. Ne2 Nf6 5. Nec3 O-O 6. Be2 Nfd7 7. Be3 e5 8. d5
f5 9. h4 f4 10. Bd2 Nf6 11. h5 Rf7 12. hxg6 hxg6 13. Na3 Na6 14. g3 fxg3 15.
fxg3 c6 16. Be3 Nc5 17. Qc2 b5 18. Bxc5 dxc5 19. cxb5 cxd5 20. exd5 Bf5 21. Qb3
Ne4 22. Nxe4 Bxe4 23. Rf1 Qa5+ 24. Qc3 Qxc3+ 25. bxc3 Rxf1+ 26. Bxf1 Bxd5 27.
Bc4 Bxc4 28. Nxc4 e4 29. Rc1 Rd8 30. a4 Rd3 31. Ke2 Rxg3 32. a5 Bh6 33. Rc2
Rg2+ 34. Kd1 Rg1+ 35. Ke2 Rg2+ 1/2-1/2

[Event "España tch División de Honor 2013"]
[Site "Linares ESP"]
[Date "2013.09.14"]
[Round "7.16"]
[White "Bofill Mas, Alejandro"]
[Black "Del Rio de Angelis, Salvador Gabriel"]
[Result "0-1"]
[WhiteElo "2353"]
[BlackElo "2499"]
[PlyCount "80"]
[EventDate "2013.09.08"]
[EventType "team-tourn"]
[EventRounds "7"]
[EventCountry "ESP"]
[Source "lmi"]
[SourceDate "2013.09.08"]

1. c4 e5 2. g3 d6 3. Bg2 f5 4. Nc3 Nf6 5. d3 Be7 6. Nf3 O-O 7. O-O Qe8 8. Bg5
Nbd7 9. e4 fxe4 10. dxe4 h6 11. Bxf6 Bxf6 12. Ne1 Qe6 13. Qd5 Nb6 14. Qxe6+
Bxe6 15. b3 c6 16. Rd1 Be7 17. Nc2 Nd7 18. Ne3 g6 19. h4 h5 20. Kh2 Rf6 21. Bh3
Bxh3 22. Kxh3 Raf8 23. Kg2 Nc5 24. f3 Bd8 25. Nc2 Ne6 26. Ne2 Bb6 27. Rd3 g5
28. hxg5 Nxg5 29. Nc3 R8f7 30. Na4 Nxe4 31. Nxb6 Nc5 32. Nd5 Rg6 33. Ndb4 a5
34. Rfd1 Rfg7 35. Ne1 axb4 36. Rxd6 Rxg3+ 37. Kf2 e4 38. Rh6 Nd3+ 39. Ke3 Rg1
40. Ke2 exf3+ 0-1

[Event "España tch División de Honor 2013"]
[Site "Linares ESP"]
[Date "2013.09.14"]
[Round "7.21"]
[White "Bacrot, Etienne"]
[Black "Bruzon Batista, Lazaro"]
[Result "1-0"]
[WhiteElo "2723"]
[BlackElo "2699"]
[PlyCount "133"]
[EventDate "2013.09.08"]
[EventType "team-tourn"]
[EventRounds "7"]
[EventCountry "ESP"]
[Source "lmi"]
[SourceDate "2013.09.08"]

1. d4 Nf6 2. c4 e6 3. Nf3 d5 4. Nc3 Be7 5. Bg5 O-O 6. e3 h6 7. Bh4 b6 8. Be2
Bb7 9. Bxf6 Bxf6 10. cxd5 exd5 11. b4 c6 12. O-O Re8 13. Rc1 Nd7 14. Qb3 b5 15.
a4 a6 16. a5 Nf8 17. Nd1 Rc8 18. Nb2 Be7 19. Nd3 Rc7 20. Rc3 Bd6 21. Rfc1 Nd7
22. g3 Qf6 23. Nd2 Qe7 24. Bg4 Nf6 25. Bh3 Bc8 26. Bg2 Bd7 27. Nc5 Bc8 28. Re1
Qd8 29. Qb2 h5 30. h4 Ng4 31. Nf3 g6 32. Rcc1 Rce7 33. Nd3 Bd7 34. Nc5 Bc8 35.
Nd3 Bd7 36. Rc3 Qb8 37. Rec1 Bf5 38. Nf4 Bd7 39. Nd3 Bf5 40. Nf4 Bd7 41. Qb3
Qa8 42. Nd3 Qb8 43. Nf4 Qa8 44. Bh3 Bxf4 45. gxf4 f6 46. Bf1 Kg7 47. Bd3 Qb8
48. Bb1 Kh6 49. Rxc6 Bxc6 50. Qc2 Rg8 51. Qxc6 Rgg7 52. Qxd5 Qe8 53. e4 Rc7 54.
Rc5 Rcd7 55. Qb3 Rgf7 56. Qd3 Rf8 57. d5 Rd6 58. Kg2 Rf7 59. Qc2 Qd7 60. Nd4 f5
61. e5 Rxd5 62. e6 Qb7 63. exf7 Rxd4+ 64. Rc6 Kg7 65. Qc5 Kxf7 66. Ba2+ Ke8 67.
Bd5 1-0

[Event "España tch División de Honor 2013"]
[Site "Linares ESP"]
[Date "2013.09.14"]
[Round "7.22"]
[White "Iturrizaga, Eduardo"]
[Black "Naiditsch, Arkadij"]
[Result "1/2-1/2"]
[WhiteElo "2661"]
[BlackElo "2710"]
[PlyCount "89"]
[EventDate "2013.09.08"]
[EventType "team-tourn"]
[EventRounds "7"]
[EventCountry "ESP"]
[Source "lmi"]
[SourceDate "2013.09.08"]

1. Nf3 Nf6 2. c4 e6 3. g3 d5 4. Bg2 dxc4 5. Qa4+ Nbd7 6. Qxc4 c5 7. Qc2 b6 8.
b3 Bb7 9. Bb2 Be7 10. O-O O-O 11. Nc3 Rc8 12. d3 Nb8 13. e3 Nc6 14. Qe2 Ba6 15.
Rfd1 Qc7 16. a4 Nd5 17. Nd2 Rfd8 18. Nc4 Qb8 19. Rac1 Bf8 20. Ba1 Bb7 21. f4
Qc7 22. Ne4 a6 23. Bh3 b5 24. axb5 axb5 25. Ncd2 Ra8 26. Nf3 h6 27. d4 c4 28.
bxc4 bxc4 29. Nfd2 Ra2 30. Nc3 Nxc3 31. Bxc3 Ba6 32. Ra1 Rc2 33. Rxa6 Rxc3 34.
Nb1 Rd3 35. Rc1 Nb4 36. Ra3 Rc8 37. Bf1 Rxa3 38. Nxa3 Qa7 39. Nxc4 Nd5 40. Rc2
Qa1 41. Ra2 Qc1 42. Qc2 Qe1 43. Qd2 Qb1 44. Rb2 Qa1 45. Ra2 1/2-1/2

[Event "España tch División de Honor 2013"]
[Site "Linares ESP"]
[Date "2013.09.14"]
[Round "7.23"]
[White "Bauer, Christian"]
[Black "Hansen, Eric"]
[Result "1-0"]
[WhiteElo "2622"]
[BlackElo "2584"]
[PlyCount "67"]
[EventDate "2013.09.08"]
[EventType "team-tourn"]
[EventRounds "7"]
[EventCountry "ESP"]
[Source "lmi"]
[SourceDate "2013.09.08"]

1. e4 c5 2. Nf3 e6 3. c3 Nf6 4. Bd3 Nc6 5. Bc2 d5 6. e5 Nd7 7. d4 Be7 8. O-O b5
9. a3 cxd4 10. cxd4 b4 11. a4 Qb6 12. Re1 Ba6 13. b3 Rc8 14. Be3 Na5 15. Nbd2
Rc6 16. Nf1 O-O 17. Ng3 Rfc8 18. Ra2 Qc7 19. Bb1 Rc3 20. Rb2 g6 21. h4 Nb6 22.
Bh6 Rxf3 23. gxf3 Qc3 24. Rc2 Qxb3 25. h5 Qxa4 26. f4 Rxc2 27. Bxc2 b3 28. Bb1
Bb4 29. Qg4 Qe8 30. hxg6 fxg6 31. Nh5 Nd7 32. f5 exf5 33. Bxf5 Bxe1 34. Be6+
1-0

[Event "España tch División de Honor 2013"]
[Site "Linares ESP"]
[Date "2013.09.14"]
[Round "7.24"]
[White "Arizmendi Martinez, Julen Luis"]
[Black "Franco Alonso, Alejandro"]
[Result "1/2-1/2"]
[WhiteElo "2564"]
[BlackElo "2483"]
[PlyCount "97"]
[EventDate "2013.09.08"]
[EventType "team-tourn"]
[EventRounds "7"]
[EventCountry "ESP"]
[Source "lmi"]
[SourceDate "2013.09.08"]

1. d4 d5 2. c4 e6 3. Nc3 Be7 4. cxd5 exd5 5. Bf4 c6 6. e3 Bf5 7. Nge2 Nd7 8.
Ng3 Bg6 9. Be2 Qb6 10. Qd2 Ngf6 11. O-O O-O 12. a3 a5 13. Rfc1 Qd8 14. h4 h6
15. h5 Bh7 16. b3 Re8 17. Bd3 Bxd3 18. Qxd3 Nf8 19. Qd1 Ne6 20. Be5 Nd7 21. Nf5
Nxe5 22. dxe5 Bf8 23. Qg4 Kh8 24. Ne2 Nc7 25. f4 Ra6 26. Ned4 Ne6 27. Rc3 Qd7
28. a4 Bb4 29. Rc2 Rg8 30. Nh4 Nf8 31. f5 Qe7 32. Ndf3 Nh7 33. Rf1 Raa8 34. Qf4
Rae8 35. e6 Ng5 36. exf7 Nxf3+ 37. gxf3 Qxf7 38. Ng6+ Kh7 39. Kh1 Be7 40. e4
Bg5 41. Qg4 dxe4 42. fxe4 Qxb3 43. Re2 Rd8 44. e5 Rd4 45. Qxd4 Qh3+ 46. Kg1
Qg3+ 47. Kh1 Qh3+ 48. Kg1 Qg3+ 49. Kh1 1/2-1/2

[Event "España tch División de Honor 2013"]
[Site "Linares ESP"]
[Date "2013.09.14"]
[Round "7.25"]
[White "Gonzalez De La Torre, Santiago"]
[Black "Castellanos Rodriguez, Renier"]
[Result "1-0"]
[WhiteElo "2472"]
[BlackElo "2509"]
[PlyCount "147"]
[EventDate "2013.09.08"]
[EventType "team-tourn"]
[EventRounds "7"]
[EventCountry "ESP"]
[Source "lmi"]
[SourceDate "2013.09.08"]

1. e4 c5 2. Nf3 e6 3. d4 cxd4 4. Nxd4 a6 5. Nc3 Qc7 6. Bd3 Nf6 7. f4 d6 8. Qf3
g6 9. g4 Bg7 10. g5 Nfd7 11. Be3 Nc6 12. Qf2 Nb4 13. a3 Nxd3+ 14. cxd3 Nc5 15.
O-O O-O 16. b4 Nb3 17. Rab1 Qxc3 18. Rxb3 Qc7 19. Rc1 Qd8 20. Nf3 e5 21. Bb6
Qd7 22. fxe5 dxe5 23. Rbc3 Qe6 24. Rc7 Bd7 25. Rxb7 Bc6 26. Ra7 Rxa7 27. Bxa7
Bb5 28. Rc3 h6 29. gxh6 Bxh6 30. Be3 Qg4+ 31. Kh1 Bg7 32. Qg3 Qh5 33. Kg2 Rd8
34. Kf2 f6 35. Ke2 f5 36. a4 fxe4 37. axb5 exf3+ 38. Kf1 axb5 39. Bg5 Rd7 40.
Kf2 Kh7 41. Ra3 Rc7 42. Ra2 Rf7 43. h4 Bf8 44. Ra8 Bg7 45. Re8 Rf5 46. Rd8 Bh6
47. Rd7+ Kg8 48. Rd8+ Kh7 49. Rd7+ Kg8 50. Rd8+ Kf7 51. Rh8 Bxg5 52. Rxh5 gxh5
53. hxg5 Kg6 54. Qg1 Rxg5 55. Qc1 Rf5 56. Qc6+ Kg5 57. Qxb5 e4 58. Qe8 exd3 59.
Qd8+ Kg4 60. Qxd3 h4 61. Qe4+ Kg5 62. Qe7+ Kg4 63. Qg7+ Kf4 64. Qc7+ Kg5 65.
Qc1+ Kh5 66. Qc6 Kg5 67. b5 h3 68. b6 h2 69. Qc1+ Kg4 70. b7 Re5 71. Qc8+ Kg5
72. Qg8+ Kf5 73. Qf7+ Kg5 74. Qg7+ 1-0

[Event "España tch División de Honor 2013"]
[Site "Linares ESP"]
[Date "2013.09.14"]
[Round "7.26"]
[White "Corral Blanco, Juan Antonio"]
[Black "Argandoña Riveiro, Iñigo"]
[Result "1/2-1/2"]
[WhiteElo "2436"]
[BlackElo "2386"]
[PlyCount "48"]
[EventDate "2013.09.08"]
[EventType "team-tourn"]
[EventRounds "7"]
[EventCountry "ESP"]
[Source "lmi"]
[SourceDate "2013.09.08"]

1. Nf3 g6 2. c4 Bg7 3. Nc3 c5 4. g3 Nc6 5. Bg2 h5 6. b3 Nh6 7. Bb2 Nf5 8. h4
O-O 9. d3 b6 10. e3 Bb7 11. Ng5 Qb8 12. Qd2 Ne5 13. Bxb7 Qxb7 14. O-O-O e6 15.
Kb1 d5 16. e4 dxe4 17. dxe4 Nd4 18. f4 Ng4 19. e5 Rad8 20. Nge4 Qa8 21. Qe1 Nf3
22. Qe2 Nd4 23. Qe1 Nf3 24. Qe2 Nd4 1/2-1/2